000 01648nam a2200217Ia 4500
003 Ost
005 20260507075038.0
008 260507s9999||||xx |||||||||||||| ||und||
040 _cfsecg
041 _aara
082 _a330
100 _aالأمين، عبد الوهاب
_eمؤلف
245 0 _aالتنمية الاقتصادية :
_bالمشكلات والسياسات المقترحة مع إشارة إلى البلدان العربية /
_c عبد الوهاب الأمين
260 _aجدة:
_bدار حافظ,
_c2000
300 _a446 صفحة؛
_bإيضاحات ؛
_c24 سم
520 _aمفهوم التنمية والأهداف والسياسات الانمائية المطلوبة-خصائص البلدان النامية-نظريات التنمية الاقتصادية-النمو الاقتصادي،الفقر،وتوزيع الدخل القومي-نمو السكان والتنمية الاقتصادية-التعليم والتنمية-دور الزراعة في التنمية الاقتصادية-التجارة الدولية والتنمية الاقتصادية-مشكلة المديونية الخارجية للبلدان النامية-التخطيط الانمائي-الاصلاحات الاقتصادية-البيئة والتنمية المستدامة-الانفاق العسكري والتنمية الاقتصادية-حقوق الانسان والتنمية المستدامة -البلدان النامية والنظام الاقتصادي العالمي الجديد
653 _aالاقتصاد
653 _aالتنمية الاقتصادية
653 _aالسكان
942 _cكتاب
999 _c42477
_d42477